Trasa Linii 133 (MPK KRAKÓW) - Statystyki

Ogólne statystyki
  • Ten quiz został rozwiązany 7 razy
  • Średni wynik to 20 z 25
Statystyki odpowiedzi
Lp. Ulica Przystanek % Poprawnych
4. Fredry Fredry
100%
1. Brożka Łagiewniki
100%
5. (NŻ) TurowiczaPołomskiego Połomskiego
100%
9. Wysłouchów Wysłouchów
100%
10. Wysłouchów Bojki
86%
8. Halszki Bujaka
86%
7. HalszkiWitosa Kurdwanów P+R
86%
2. TischneraBrożka Łagiewniki
86%
25. Teligi Nowy Bieżanów P+R
86%
3. Fredry Sucha
86%
6. Witosa Turowicza Turowicza
86%
12. (NŻ) Cechowa Cechowa
71%
23. Teligi Ćwiklińskiej
71%
15. (NŻ) Kosocicka Hallera
71%
19. Wielicka Jerzmanowskiego
71%
11. Cechowa Kurdwanów Szkoła
71%
24. ↓ Teligi Nowy Bieżanów P+R
71%
22. Teligi Nowy Prokocim
71%
13. Cechowa Piaski Wielkie
71%
20 Teligi Prokocim Szpital
71%
16. Kosocicka Słona Woda
71%
21. Teligi Teligi
71%
18. (NŻ) Kosocicka Węzeł Wielicki
71%
17. (NŻ) Kosocicka Kosocicka
57%
14. (NŻ) Rżącka Przy Kuźni
57%
Nie znaleziono quizów pasujących do podanych kryteriów
Rozkład punktacji
Procent ludzi z każdym wynikiem
Percentyl według liczby udzielonych odpowiedzi
Twoja historia wyników
Nie rozwiązałeś tego quizu